<?xml version="1.0" encoding="UTF-8"?>
<collection xmlns="http://www.loc.gov/MARC21/slim">
 <record>
  <leader>00413pamaa2200145   4500</leader>
  <controlfield tag="001">0000023461</controlfield>
  <controlfield tag="005">20060419090000.0</controlfield>
  <datafield tag="020" ind1="0" ind2="0">
   <subfield code="a">0951655795 </subfield>
  </datafield>
  <datafield tag="082" ind1=" " ind2=" ">
   <subfield code="a">570.5 MAN 1997</subfield>
  </datafield>
  <datafield tag="090" ind1="0" ind2="0">
   <subfield code="a">GN281 </subfield>
   <subfield code="b">MAN 1997</subfield>
  </datafield>
  <datafield tag="245" ind1="0" ind2="0">
   <subfield code="a">MANKIND : </subfield>
   <subfield code="b">an acting edition  </subfield>
   <subfield code="c">edited by Peter Meredith.</subfield>
  </datafield>
  <datafield tag="260" ind1="0" ind2="0">
   <subfield code="a">Yorkshire: </subfield>
   <subfield code="b">Alumnus, </subfield>
   <subfield code="c">1997.</subfield>
  </datafield>
  <datafield tag="300" ind1=" " ind2=" ">
   <subfield code="a">112p.: </subfield>
   <subfield code="b">ill.; </subfield>
   <subfield code="c">21cm.</subfield>
  </datafield>
  <datafield tag="504" ind1="0" ind2="0">
   <subfield code="a">Includes bibliographical references</subfield>
  </datafield>
  <datafield tag="650" ind1="0" ind2="0">
   <subfield code="a">Anthrophology </subfield>
  </datafield>
 </record>
</collection>
